[Event "Muensterland Verbandsklasse-B 1213"]
[Site "Germany"]
[Date "2013.02.23"]
[Round "6.1"]
[White "Schulze Schwering, Philipp"]
[Black "Sparwel, Oliver"]
[Result "0-1"]
[WhiteElo "2011"]
[BlackElo "1978"]
[PlyCount "118"]
[EventDate "2012.09.15"]
[EventType "team-tourn"]
[EventRounds "9"]
[EventCountry "GER"]
[SourceTitle "EXT 2015"]
[Source "ChessBase"]
[SourceDate "2014.11.20"]
[SourceVersion "1"]
[SourceVersionDate "2014.11.20"]
[SourceQuality "1"]
[WhiteTeam "Borken"]
[BlackTeam "Suedlohn II"]
[WhiteTeamCountry "GER"]
[BlackTeamCountry "GER"]

1. d4 d6 2. c4 Nf6 3. g3 g6 4. Bg2 Bg7 5. Nc3 0-0 6. Nf3 Nc6 7. 0-0 e5 8. e4 Bg4 9. d5 Ne7 10. h3 Bxf3 11. Bxf3 Ne8 12. Bg2 f5 13. Bd2 f4 14. g4 g5 15. f3 Ng6 16. b4 Rf7 17. c5 Bf8 18. Na4 Nf6 19. Rf2 Nh4 20. Bf1 h5 21. Rc1 hxg4 22. hxg4 Rh7 23. Be1 Qd7 24. c6 bxc6 25. Rxc6 Be7 26. Nc3 Bd8 27. Rh2 Qg7 28. Nb5 Qh8 29. Rh3 Ng6 30. Rxh7 Qxh7 31. Bf2 a5 32. Qa4 Nh4 33. Rc3 Nxe4 34. fxe4 Qxe4 35. Bxh4 gxh4 36. Qc2 Qxc2 37. Rxc2 axb4 38. Bd3 Ra5 39. Re2 Kg7 40. Bc4 Kg6 41. Kg2 Kg5 42. Kf3 Bf6 43. Nxc7 h3 44. Ne6+ Kh4 45. Bb3 Ra8 46. Rc2 Rg8 47. Rc7 e4+ 48. Kxe4 Kg3 49. Bd1 h2 50. Bf3 Rxg4 51. Rc2 h1Q 52. Bxh1 f3+ 53. Ke3 b3 54. axb3 Rb4 55. Rd2 Rxb3+ 56. Rd3 f2 57. Rxb3 f1Q 58. Ke4+ Kh2 59. Bf3 Qc4+ 0-1

[Event "Muensterland Verbandsklasse-B 1213"]
[Site "Germany"]
[Date "2012.11.17"]
[Round "3.1"]
[White "Sicking, Norbert"]
[Black "Schulze Schwering, Philipp"]
[Result "0-1"]
[WhiteElo "1771"]
[BlackElo "1985"]
[PlyCount "126"]
[EventDate "2012.09.15"]
[EventType "team-tourn"]
[EventRounds "9"]
[EventCountry "GER"]
[SourceTitle "EXT 2015"]
[Source "ChessBase"]
[SourceDate "2014.11.20"]
[SourceVersion "1"]
[SourceVersionDate "2014.11.20"]
[SourceQuality "1"]
[WhiteTeam "Heiden II"]
[BlackTeam "Borken"]
[WhiteTeamCountry "GER"]
[BlackTeamCountry "GER"]

1. d4 Nf6 2. Nf3 e6 3. g3 d5 4. Bg2 c5 5. c3 Nc6 6. 0-0 Qb6 7. Qb3 Na5 8. Qxb6 axb6 9. Nbd2 Be7 10. a3 Nc6 11. b3 Ne4 12. Bb2 f5 13. Nxe4 fxe4 14. Ne5 Na5 15. b4 Nb3 16. Rad1 c4 17. f3 exf3 18. exf3 Bd7 19. Nxd7 Kxd7 20. Bh3 Raf8 21. Rf2 Rf6 22. Re1 Re8 23. f4 g6 24. Rfe2 Bd6 25. Bg2 Re7 26. Bh3 h6 27. Bc1 Re8 28. Bb2 Bf8 29. Bc1 Kd6 30. Be3 Rf7 31. Bf2 Rfe7 32. g4 g5 33. Bg3 Kd7 34. fxg5 hxg5 35. Bg2 Ra8 36. Ra2 Rh7 37. Bf3 Bd6 38. Bxd6 Kxd6 39. Rae2 Rh6 40. Ra2 Rh3 41. Rf1 Rf8 42. Kg2 Rfh8 43. Kg1 Nc1 44. Rc2 Nd3 45. a4 Ra8 46. Ra2 Nf4 47. b5 Ng6 48. Ra3 Rah8 49. Rf2 Rf8 50. Bg2 Rxf2 51. Kxf2 Rxh2 52. Kg3 Rh8 53. Bf3 e5 54. dxe5+ Nxe5 55. Be2 Kc5 56. Ra1 Nd3 57. Rb1 Nf4 58. Bf1 Rh1 59. Rd1 Rg1+ 60. Kf3 Nd3 61. Be2 Ne5+ 62. Kf2 Rxd1 63. Bxd1 d4 0-1

[Event "Muensterland Verbandsklasse-A 1112"]
[Site "Germany"]
[Date "2011.11.12"]
[Round "3.2"]
[White "Storck, Martin"]
[Black "Schulze Schwering, Philipp"]
[Result "1/2-1/2"]
[WhiteElo "2059"]
[BlackElo "1964"]
[PlyCount "226"]
[EventDate "2011.09.17"]
[EventType "team-tourn"]
[EventRounds "9"]
[EventCountry "GER"]
[SourceTitle "EXT 2013"]
[Source "ChessBase"]
[SourceDate "2012.11.22"]
[SourceVersion "1"]
[SourceVersionDate "2012.11.22"]
[SourceQuality "1"]
[WhiteTeam "Gronau"]
[BlackTeam "Borken"]
[WhiteTeamCountry "GER"]
[BlackTeamCountry "GER"]

1. c4 Nf6 2. Nc3 e5 3. Nf3 Nc6 4. d3 d5 5. cxd5 Nxd5 6. g3 Nb6 7. Bg2 Be7 8. 0-0 Be6 9. Be3 0-0 10. d4 exd4 11. Nxd4 Nxd4 12. Bxd4 c6 13. e4 Qd7 14. f4 Bg4 15. Bf3 Bxf3 16. Rxf3 Rfd8 17. Bxb6 Qxd1+ 18. Rxd1 Rxd1+ 19. Nxd1 axb6 20. Nc3 b5 21. a3 Rd8 22. Kf1 b4 23. axb4 Bxb4 24. Ke2 Rd4 25. e5 Ba5 26. Rd3 Rb4 27. Nd1 g6 28. b3 Kf8 29. Ne3 Ke7 30. Kf3 h5 31. h3 Bc7 32. Nc2 Rb6 33. Ke4 Ra6 34. g4 hxg4 35. hxg4 Ra2 36. Nd4 Rg2 37. Kf3 Rg1 38. Ne2 Rb1 39. Ng3 Rb2 40. Ne4 Rc2 41. Nf6 Bb6 42. Rd7+ Ke6 43. Rxb7 Rc3+ 44. Ke2 Rxb3 45. Nd7 Rb4 46. f5+ gxf5 47. gxf5+ Kxf5 48. Nxb6 Re4+ 49. Kd3 Rxe5 50. Rxf7+ Ke6 51. Rh7 Rf5 52. Ke4 Re5+ 53. Kd4 Rf5 54. Rh6+ Rf6 55. Rh4 Rg6 56. Re4+ Kf5 57. Re5+ Kf4 58. Nc4 Rg1 59. Ne3 Ra1 60. Rf5+ Kg3 61. Rg5+ Kf4 62. Rc5 Ra4+ 63. Nc4 Ra6 64. Kd3 Ra8 65. Rxc6 Rd8+ 66. Kc3 Ke4 67. Re6+ Kf4 68. Ne3 Ra8 69. Kd4 Ra4+ 70. Nc4 Kf5 71. Re1 Kf6 72. Kd5 Ra6 73. Rf1+ Ke7 74. Rf5 Ra1 75. Re5+ Kf6 76. Re6+ Kf5 77. Nd6+ Kf4 78. Rf6+ Kg4 79. Ne4 Ra5+ 80. Nc5 Kg5 81. Rf1 Rb5 82. Kc4 Rb8 83. Ne4+ Kg4 84. Kd5 Rb5+ 85. Kc4 Rb8 86. Nf6+ Kg3 87. Nd5 Ra8 88. Kd4 Ra4+ 89. Kd3 Ra3+ 90. Nc3 Kg4 91. Kd4 Ra8 92. Ke3 Ra3 93. Rf4+ Kg5 94. Rc4 Kf5 95. Rc5+ Kf6 96. Kf4 Ke6 97. Ne4 Ra4 98. Re5+ Kd7 99. Kf5 Ra1 100. Rd5+ Kc6 101. Ke5 Re1 102. Rd4 Re3 103. Rc4+ Kb5 104. Rc1 Kb6 105. Kd4 Rh3 106. Nd6 Rh4+ 107. Ke5 Rh5+ 108. Nf5 Kb5 109. Ke4 Rh8 110. Kd5 Rd8+ 111. Nd6+ Kb4 112. Rc4+ Kb3 113. Rc6 Kb4 1/2-1/2